000 00686nam a2200253 a 4500
003 AR-BaBNM
005 20251128204645.0
008 082120s2002 ||||||||||||||000 | spa||
020 _a950-9831-38-7
040 _cAR-BaBNM
100 1 _aIturralde Rúa, Víctor A.
245 0 0 _aEl invasor de los sueños
260 _aBuenos Aires
_bMétodos
_c1991
300 _a46 p.
_bil.
490 0 _aLa pluma encantada
_vv. 12
500 _aSe recomienda a partir de los 10 años
650 4 _aLITERATURA INFANTIL
650 4 _aCUENTOS DE AVENTURAS
653 _aCUENTO MARAVILLOSO
655 _aLITERATURA
700 1 _aRossini, Claudio
_eilustrador
942 _cBK
998 _cisola
999 _c8254
_d8254